The economics of the global oil and gas industry (Record no. 35704)

MARC details
000 -LEADER
fixed length control field 00668nam a2200181Ia 4500
020 ## - INTERNATIONAL STANDARD BOOK NUMBER
ISBN 9781032324449
050 ## - CALL MARK
Classification number HD 949 .D442 .E26/
100 ## - STATEMENT OF RESPONSIBILITY--MAIN AUTHOR NAME
Personal name Edited by Abor, Joshua Yindenaba
245 #4 - TITLE STATEMENT
Title The economics of the global oil and gas industry
260 ## - PUBLICATION, DISTRIBUTION, ETC. (IMPRINT)
Place of publication New York
260 ## - PUBLICATION, DISTRIBUTION, ETC. (IMPRINT)
Name of publisher Routledge
260 ## - PUBLICATION, DISTRIBUTION, ETC. (IMPRINT)
Year of publication 2023
300 ## - PHYSICAL DESCRIPTION
Number of Pages xv, 321p.: ill.
650 ## - SUBJECT ADDED ENTRY--TOPICAL TERM
Topical Term Oil industries--Developing countries. Gas industry--Developing countries. Renewable energy sources--Developing countries. Capital investments--Developing countries. Corporations--Developing countries--Finance.
942 ## - ADDED ENTRY ELEMENTS (KOHA)
Koha item type Books
Holdings
Withdrawn status Lost status Source of classification or shelving scheme Damaged status Not for loan Permanent Location Current Location Shelving location Date acquired Accession Number Price effective from Koha item type
    Library of Congress Classification     NILE UNIVERSITY OF NIGERIA - MAIN LIBRARY NILE UNIVERSITY OF NIGERIA - MAIN LIBRARY Items on shelf 04/23/2025 0198350 04/23/2025 Books